[Event "Hotel MEDOSZ Spring Open"]
[Site "Budapest"]
[Date "2014.03.15"]
[Round "2.17"]
[White "Polyanszky-Tamasi, Zoltan"]
[Black "Szabo, Miklos Istvan"]
[Result "1-0"]
[WhiteElo "1799"]
[BlackElo "1332"]
[PlyCount "51"]
[EventDate "2014.03.14"]

1. c4 Nf6 2. g3 g6 3. Bg2 Bg7 4. Nc3 c6 5. e4 d6 6. Nge2 O-O 7. O-O Nbd7 8. d3
e5 9. h3 Nc5 10. f4 Qb6 11. Kh2 Rb8 12. f5 h6 13. g4 g5 14. Rb1 a5 15. Rf3 h5
16. Bxg5 hxg4 17. Rg3 Kh7 18. h4 Nh5 19. Rxg4 f6 20. Be3 Bh6 21. Na4 Qb4 22.
Bxh6 Kxh6 23. Rg6+ Kh7 24. Qc1 Nf4 25. Nxf4 Qxa4 26. Nd5 1-0

[Event "Hotel MEDOSZ Spring Open"]
[Site "Budapest"]
[Date "2014.03.16"]
[Round "3.2"]
[White "To, Nhat Minh"]
[Black "Farkas, Richard"]
[Result "0-1"]
[WhiteElo "2354"]
[BlackElo "2191"]
[PlyCount "92"]
[EventDate "2014.03.14"]

1. e4 e6 2. d4 d5 3. Nc3 Bb4 4. e5 c5 5. a3 Bxc3+ 6. bxc3 Ne7 7. Qg4 cxd4 8.
Qxg7 Rg8 9. Qxh7 Qc7 10. Ne2 Nbc6 11. f4 dxc3 12. h4 Bd7 13. h5 O-O-O 14. Qd3
d4 15. Rb1 Nf5 16. h6 Rg6 17. h7 Rh8 18. g3 Rg7 19. Bg2 Rhxh7 20. Rxh7 Rxh7 21.
g4 Rg7 22. Bf3 Nh4 23. Be4 b6 24. Qh3 Qd8 25. a4 Ng6 26. g5 Qh8 27. Qxh8+ Nxh8
28. Ba3 Ng6 29. Kf2 Rh7 30. Kg3 Rh8 31. a5 Nxa5 32. Nxd4 Nc4 33. Rb3 Nxf4 34.
Bb4 Nd5 35. Bxd5 exd5 36. e6 fxe6 37. Nf3 e5 38. g6 Rh3+ 39. Kg2 Rxf3 40. g7
Be6 41. Kxf3 Nd2+ 42. Ke2 Nxb3 43. cxb3 d4 44. Bd6 e4 45. Be5 d3+ 46. Kd1 Bxb3+
0-1

[Event "Hotel MEDOSZ Spring Open"]
[Site "Budapest"]
[Date "2014.03.16"]
[Round "3.3"]
[White "Kakuk, Sandor"]
[Black "Szalanczy, Emil"]
[Result "0-1"]
[WhiteElo "2200"]
[BlackElo "2240"]
[PlyCount "54"]
[EventDate "2014.03.14"]

1. e4 c5 2. Nf3 d6 3. d4 cxd4 4. Nxd4 Nf6 5. Nc3 g6 6. Be3 Bg7 7. f3 Nc6 8. Qd2
Bd7 9. O-O-O h5 10. h4 Rc8 11. Kb1 a6 12. Nxc6 Rxc6 13. Nd5 O-O 14. Bh6 Be6 15.
Bxg7 Kxg7 16. Nxf6 exf6 17. f4 Qb6 18. f5 gxf5 19. exf5 Bxf5 20. Bd3 Bg4 21.
Rdf1 d5 22. Be2 Rfc8 23. Bd3 Re8 24. Rf4 Qe3 25. Kc1 d4 26. Qxe3 dxe3 27. Re1
Rce6 0-1

[Event "Hotel MEDOSZ Spring Open"]
[Site "Budapest"]
[Date "2014.03.16"]
[Round "3.5"]
[White "House, Glenn L"]
[Black "Xiao Hu, Chen"]
[Result "1-0"]
[WhiteElo "2204"]
[BlackElo "1546"]
[PlyCount "63"]
[EventDate "2014.03.14"]

1. e4 c5 2. d3 d6 3. g3 g6 4. Bg2 Bg7 5. f4 e6 6. Nf3 Ne7 7. O-O O-O 8. c3 Nbc6
9. Be3 Bd7 10. Na3 a6 11. Nc2 Rc8 12. Qd2 Qc7 13. Bf2 b6 14. Rad1 d5 15. e5
Rfd8 16. Rfe1 c4 17. d4 b5 18. g4 Rb8 19. Bh4 Rdc8 20. Bh3 Re8 21. Kh1 h6 22.
Rg1 Kh7 23. Ne3 Rg8 24. Rdf1 Rbf8 25. Bf6 Bxf6 26. exf6 Nc8 27. Ne5 Nd6 28. Bg2
Ne8 29. g5 h5 30. Bf3 Nd6 31. Qc2 Kh8 32. Rg3 1-0

[Event "Hotel MEDOSZ Spring Open"]
[Site "Budapest"]
[Date "2014.03.16"]
[Round "3.6"]
[White "Nagy, Ervin Dr"]
[Black "Csapo, Zoltan"]
[Result "1-0"]
[WhiteElo "2269"]
[BlackElo "2024"]
[PlyCount "49"]
[EventDate "2014.03.14"]

1. e4 e5 2. Nf3 Nc6 3. Bb5 Nge7 4. c3 Ng6 5. d4 exd4 6. cxd4 Bb4+ 7. Nc3 O-O 8.
O-O Bxc3 9. bxc3 d6 10. Re1 Na5 11. Ba3 c6 12. Bf1 Re8 13. Qd2 a6 14. Qg5 f6
15. Qg3 d5 16. exd5 Rxe1 17. Rxe1 cxd5 18. h4 Nc6 19. c4 Nge7 20. cxd5 Nf5 21.
Qf4 Qxd5 22. Re8+ Kf7 23. Rf8+ Ke6 24. Qc7 Nfe7 25. Bxe7 1-0

[Event "Hotel MEDOSZ Spring Open"]
[Site "Budapest"]
[Date "2014.03.16"]
[Round "3.7"]
[White "Cross, Ted"]
[Black "Pirisi, Gabor"]
[Result "0-1"]
[WhiteElo "2034"]
[BlackElo "2258"]
[PlyCount "84"]
[EventDate "2014.03.14"]

1. e4 c5 2. Nc3 g6 3. f4 Bg7 4. Nf3 Nc6 5. Bb5 Nd4 6. O-O Nxb5 7. Nxb5 a6 8.
Nc3 b5 9. d3 d6 10. Qe1 b4 11. Ne2 Nf6 12. h3 O-O 13. Qh4 e6 14. f5 exf5 15.
Bh6 Nh5 16. Bxg7 Qxh4 17. Nxh4 Nxg7 18. Ng3 f4 19. Ne2 g5 20. Nf3 h6 21. Rae1
Bb7 22. g3 fxg3 23. Nxg3 f5 24. exf5 Nxf5 25. Nxf5 Rxf5 26. Nd2 Rxf1+ 27. Rxf1
Kg7 28. Re1 Kf6 29. Ne4+ Bxe4 30. Rxe4 d5 31. Re2 Ra7 32. Re8 Re7 33. Rc8 Re2
34. Rxc5 Ke5 35. c4 Rxb2 36. Rxd5+ Kf4 37. Ra5 Kg3 38. Kf1 Kf3 39. Kg1 h5 40.
c5 g4 41. hxg4 hxg4 42. c6 Rb1+ 0-1

[Event "Hotel MEDOSZ Spring Open"]
[Site "Budapest"]
[Date "2014.03.16"]
[Round "3.8"]
[White "Balint, Vilmos"]
[Black "Grajczak, Adrian"]
[Result "1-0"]
[WhiteElo "2246"]
[BlackElo "1953"]
[PlyCount "229"]
[EventDate "2014.03.14"]

1. e4 c5 2. Nf3 Nc6 3. d4 cxd4 4. Nxd4 Nf6 5. Nc3 e6 6. Ndb5 Bb4 7. a3 Bxc3+ 8.
Nxc3 d5 9. exd5 exd5 10. Be2 d4 11. Na2 O-O 12. O-O Bf5 13. Bg5 Qd6 14. Nc1
Rac8 15. Nd3 Nd5 16. Qd2 Rfe8 17. Rfe1 Qg6 18. Bf3 Be4 19. Bxe4 Rxe4 20. Rxe4
Qxe4 21. Re1 Qg6 22. Bh4 h6 23. Bg3 b6 24. Re2 a5 25. h3 Ne3 26. Nf4 Nc4 27.
Qe1 Qf5 28. Re8+ Kh7 29. Rxc8 Qxc8 30. Qe4+ Kg8 31. Qd5 N4e5 32. Qb5 Qf5 33.
Nd5 d3 34. cxd3 Qxd3 35. Ne7+ Nxe7 36. Qe8+ Kh7 37. Bxe5 Ng6 38. Bg3 f5 39. Bc7
Qb1+ 40. Kh2 Qxb2 41. Qe3 f4 42. Qf3 a4 43. Bd6 Qd4 44. Bb4 Ne5 45. Qe2 f3 46.
gxf3 Qf4+ 47. Kg2 Qg5+ 48. Kf1 Qc1+ 49. Be1 Qc4 50. Bd2 Nxf3 51. Be3 Nh2+ 52.
Ke1 Qc3+ 53. Kd1 Qa1+ 54. Bc1 Qd4+ 55. Kc2 Qc5+ 56. Kb2 Qd4+ 57. Kb1 Qd5 58.
Qc2+ Kg8 59. Qc8+ Kh7 60. Qc2+ Kg8 61. Qxa4 Nf3 62. Qc2 Nd4 63. Qa2 Qxa2+ 64.
Kxa2 b5 65. Kb2 Kf7 66. Be3 Nc6 67. Kc3 Ke6 68. Kd3 Kd5 69. f4 h5 70. Bb6 g6
71. Be3 Na5 72. Bd2 Nc6 73. Bc3 Ne7 74. Bf6 Nc6 75. Ke3 Na5 76. Kf3 Nc4 77. Be7
Nd2+ 78. Ke2 Ne4 79. Ke3 Ng3 80. Kd3 Ne4 81. h4 Ng3 82. Bf6 Ne4 83. Be5 Nf2+
84. Kc3 Ne4+ 85. Kb4 Kc6 86. Bd4 Kd5 87. Be3 Kc6 88. Ka5 Ng3 89. Ka6 Nf5 90.
Bf2 Ne7 91. Be1 Nd5 92. Bd2 Ne7 93. Ka7 Kc7 94. Ba5+ Kc6 95. Kb8 Nd5 96. Bd2
Ne7 97. Bc3 Nd5 98. Be5 Ne7 99. Bg7 Nd5 100. Bh6 Ne7 101. Bg5 Nd5 102. Kc8 b4
103. axb4 Nxb4 104. Kd8 Nd5 105. Ke8 Kd6 106. Kf7 Ne3 107. Kxg6 Ke6 108. Kxh5
Kf5 109. Kh6 Nc4 110. h5 Nd6 111. Kg7 Ne8+ 112. Kf7 Nd6+ 113. Kg8 Ne8 114. h6
Nd6 115. h7 1-0

[Event "Hotel MEDOSZ Spring Open"]
[Site "Budapest"]
[Date "2014.03.16"]
[Round "3.9"]
[White "Heyl, Thomas"]
[Black "Brustkern, Juergen"]
[Result "0-1"]
[WhiteElo "1999"]
[BlackElo "2233"]
[PlyCount "52"]
[EventDate "2014.03.14"]

1. c4 c6 2. g3 d5 3. Bg2 Nf6 4. Nf3 dxc4 5. a4 Na6 6. Na3 Qd5 7. O-O Be6 8. Ne1
Qh5 9. d4 Rd8 10. Bf3 Ng4 11. h4 h6 12. Ng2 g5 13. e4 Bg7 14. Nc2 Nc5 15. Qe2
Nb3 16. Ra3 Nxd4 17. Nxd4 Bxd4 18. Be3 c5 19. a5 Rg8 20. Qc2 gxh4 21. gxh4 Qe5
22. Rd1 Bxe3 23. Rxd8+ Kxd8 24. fxe3 Qh2+ 25. Kf1 Qh1+ 26. Ke2 Nh2 0-1

[Event "Hotel MEDOSZ Spring Open"]
[Site "Budapest"]
[Date "2014.03.16"]
[Round "3.10"]
[White "Boguszlavszkij, Jevgenyij"]
[Black "Pesola, Jyrki"]
[Result "1-0"]
[WhiteElo "2224"]
[BlackElo "1863"]
[PlyCount "143"]
[EventDate "2014.03.14"]

1. g3 f5 2. Bg2 Nf6 3. Nf3 d6 4. d4 e6 5. O-O Be7 6. c3 O-O 7. Nbd2 d5 8. Ne5
Nbd7 9. Nd3 c5 10. Nf3 b6 11. Qa4 Nb8 12. Nfe5 Bd6 13. Bg5 Bd7 14. Nxd7 Qxd7
15. Qxd7 Nbxd7 16. f3 Rac8 17. dxc5 bxc5 18. Rad1 h6 19. Bc1 Rfe8 20. Nf2 Bb8
21. e4 fxe4 22. fxe4 Nb6 23. Rfe1 Rcd8 24. Bh3 a5 25. Kg2 Kh7 26. Re2 Bc7 27.
Be3 c4 28. Rde1 e5 29. exd5 Rxd5 30. Bf5+ g6 31. Bc2 h5 32. Bc1 Kg7 33. Nh3
Rdd8 34. Bg5 Nbd5 35. Ng1 Rb8 36. Bc1 Nd7 37. Nf3 N5b6 38. Be4 Re6 39. Ng5 Re7
40. Be3 Na4 41. Bc1 Nac5 42. Rd1 Nf6 43. Bc2 e4 44. Be3 Nd3 45. b3 Ne5 46. Bd4
cxb3 47. Bxb3 Rbe8 48. Bc5 Rd7 49. Rxd7+ Nexd7 50. Bd4 Be5 51. Ba4 Bxd4 52.
cxd4 Re7 53. Bc6 e3 54. Kf3 Nb6 55. Rxe3 Rxe3+ 56. Kxe3 Kf8 57. h4 Ke7 58. Kf4
Nfd5+ 59. Ke5 Nb4 60. d5 Nd7+ 61. Bxd7 Kxd7 62. a3 Nd3+ 63. Kd4 Ne1 64. a4 Nc2+
65. Kc5 Ne3 66. Ne4 Nf5 67. d6 Ke6 68. Kb6 Nxd6 69. Nxd6 Kxd6 70. Kxa5 Kc5 71.
Ka6 Kc6 72. a5 1-0

[Event "Hotel MEDOSZ Spring Open"]
[Site "Budapest"]
[Date "2014.03.16"]
[Round "3.11"]
[White "Vereb, Gabor"]
[Black "Polyanszky-Tamasi, Zoltan"]
[Result "1-0"]
[WhiteElo "2137"]
[BlackElo "1799"]
[PlyCount "101"]
[EventDate "2014.03.14"]

1. e4 d6 2. d4 Nf6 3. Nc3 g6 4. Be3 Bg7 5. f3 a6 6. Qd2 b5 7. O-O-O Nfd7 8. Bh6
Bxh6 9. Qxh6 e6 10. Kb1 Qe7 11. h4 Qf8 12. Qd2 Nb6 13. Nh3 N8d7 14. h5 Bb7 15.
Rc1 O-O-O 16. Nd1 d5 17. e5 Nc4 18. Bxc4 dxc4 19. a4 b4 20. Qe2 c3 21. Ne3 Nb6
22. a5 cxb2 23. Kxb2 Na4+ 24. Kb3 Nc3 25. Qd3 c5 26. d5 exd5 27. Kb2 Qe8 28. f4
c4 29. Nxc4 dxc4 30. Qxc4+ Qc6 31. Qxf7 Na4+ 32. Kb1 Rd5 33. Nf2 Kb8 34. Rh3
Nc3+ 35. Kb2 Rxa5 36. hxg6 Ra2+ 37. Qxa2 Nxa2 38. Rxh7 Rxh7 39. gxh7 Qc3+ 40.
Kxa2 Bd5+ 41. Kb1 Qa3 42. h8=Q+ Kb7 43. Qg7+ Kc6 44. Qf6+ Kb5 45. c4+ bxc3 46.
Rc2 Ba2+ 47. Rxa2 Qb3+ 48. Ka1 c2 49. Qxa6+ Kc5 50. Rxc2+ Qxc2 51. Qc8+ 1-0

[Event "Hotel MEDOSZ Spring Open"]
[Site "Budapest"]
[Date "2014.03.16"]
[Round "3.12"]
[White "Wiman, Kenneth"]
[Black "Marcu, Simon"]
[Result "0-1"]
[WhiteElo "1891"]
[BlackElo "1892"]
[PlyCount "102"]
[EventDate "2014.03.14"]

1. d4 d5 2. Nf3 Nf6 3. c4 e6 4. Bg5 Be7 5. e3 O-O 6. Nc3 b6 7. cxd5 Nxd5 8.
Bxe7 Qxe7 9. Nxd5 exd5 10. Bd3 Ba6 11. O-O Rd8 12. Re1 Bxd3 13. Qxd3 c5 14.
dxc5 bxc5 15. Rac1 c4 16. Qc3 Qb7 17. b3 cxb3 18. Qxb3 Qxb3 19. axb3 Na6 20.
Nd4 Nb4 21. Red1 Rac8 22. Kf1 g6 23. g3 Kf8 24. Ke2 Rxc1 25. Rxc1 Rd7 26. Kd2
Ke7 27. Rc8 Rb7 28. h4 h5 29. Kc3 Na2+ 30. Kb2 Nb4 31. Nc6+ Kd7 32. Nxb4 Kxc8
33. Nxd5 Rb5 34. Nc3 Rf5 35. f4 Kd7 36. e4 Ra5 37. b4 Ra6 38. e5 Ke6 39. Kb3
Ra1 40. Ne4 Re1 41. Ng5+ Ke7 42. Kc4 Re3 43. Kd4 Rxg3 44. b5 Rg4 45. Ke4 Rxh4
46. Nf3 Rh1 47. Nd4 Re1+ 48. Kf3 Kd7 49. Nc2 Rc1 50. Nd4 Rc4 51. Ke3 Rxd4 0-1

[Event "Hotel MEDOSZ Spring Open"]
[Site "Budapest"]
[Date "2014.03.16"]
[Round "3.13"]
[White "Simon, Lili"]
[Black "Ongut, Tamas Gunes"]
[Result "1/2-1/2"]
[WhiteElo "1936"]
[BlackElo "1531"]
[PlyCount "92"]
[EventDate "2014.03.14"]

1. Nf3 Nf6 2. g3 g6 3. Bg2 Bg7 4. O-O O-O 5. d4 d5 6. c4 c6 7. Qb3 e6 8. Nc3
Nbd7 9. Bf4 Qb6 10. c5 Qxb3 11. axb3 b6 12. Bd6 Re8 13. b4 b5 14. Rfe1 Bb7 15.
Ne5 a6 16. e4 Bf8 17. Bxf8 Kxf8 18. exd5 exd5 19. f4 Rac8 20. Re2 Nxe5 21. fxe5
Nh5 22. Bh3 Rc7 23. Rf1 Kg8 24. e6 fxe6 25. Rxe6 Rxe6 26. Bxe6+ Kg7 27. Bg4 Nf6
28. Bf3 Re7 29. Kf2 Bc8 30. Re1 Kf7 31. Rxe7+ Kxe7 32. Ke3 g5 33. Na2 Bf5 34.
Nc1 h6 35. Nb3 Kd7 36. Na5 Kc7 37. Nb3 Kd7 38. Nd2 Ke6 39. Nb3 Kd7 40. Nd2 Ke6
41. h4 g4 42. Bg2 Nh5 43. Nf1 Nf6 44. Nd2 Bc2 45. Kf4 Bd1 46. Ke3 Bc2 1/2-1/2

[Event "Hotel MEDOSZ Spring Open"]
[Site "Budapest"]
[Date "2014.03.16"]
[Round "3.14"]
[White "Szlenka, Attila"]
[Black "Bacsi, Andras"]
[Result "1/2-1/2"]
[WhiteElo "1804"]
[BlackElo "1778"]
[PlyCount "91"]
[EventDate "2014.03.14"]

1. g3 e5 2. Bg2 d5 3. c4 dxc4 4. Qa4+ c6 5. Qxc4 Nf6 6. d3 Be7 7. Nf3 Qc7 8.
O-O O-O 9. b3 Be6 10. Qc2 h6 11. Bb2 Nbd7 12. Nbd2 Rad8 13. Nc4 Bxc4 14. bxc4
Rfe8 15. Rab1 Bf8 16. Nd2 Nc5 17. Rfd1 Ne6 18. e3 b6 19. Ne4 Nxe4 20. Bxe4 g6
21. Bg2 Bg7 22. Qa4 c5 23. Qc6 Qxc6 24. Bxc6 Re7 25. Kf1 Nc7 26. Bc3 Rd6 27.
Bf3 Red7 28. Be2 f5 29. Be1 Ne8 30. a4 Nf6 31. f3 g5 32. h3 h5 33. a5 g4 34.
hxg4 hxg4 35. fxg4 Nxg4 36. Bxg4 fxg4 37. axb6 axb6 38. Ke2 Kf7 39. Bf2 Ke6 40.
Bg1 e4 41. d4 cxd4 42. exd4 Bxd4 43. Bxd4 Rxd4 44. Rxb6+ Ke5 45. Rb5+ Ke6 46.
Rxd4 1/2-1/2

[Event "Hotel MEDOSZ Spring Open"]
[Site "Budapest"]
[Date "2014.03.16"]
[Round "3.15"]
[White "Ghadiri, Radmehr"]
[Black "Ladanyi, Gyula"]
[Result "1-0"]
[WhiteElo "1786"]
[BlackElo "1798"]
[PlyCount "77"]
[EventDate "2014.03.14"]

1. d4 d5 2. c4 e6 3. cxd5 exd5 4. Nc3 Nf6 5. Bg5 Be7 6. e3 Nbd7 7. Bd3 O-O 8.
h3 c5 9. Nf3 c4 10. Bc2 a6 11. Ne5 Qc7 12. Nxd7 Bxd7 13. Bxf6 Bxf6 14. Nxd5 Qc6
15. Be4 Qd6 16. Nxf6+ gxf6 17. O-O f5 18. Bxb7 Ra7 19. Bf3 Kh8 20. d5 Qf6 21.
Qd2 Rg8 22. Qc3 Qxc3 23. bxc3 f4 24. Kh1 Rb7 25. Rfb1 Rgb8 26. Be4 f5 27. Rxb7
Rxb7 28. Rb1 Rb5 29. Rxb5 axb5 30. Bc2 fxe3 31. fxe3 Kg7 32. e4 fxe4 33. Bxe4
h6 34. Kg1 Kf6 35. Kf2 Ke5 36. Ke3 h5 37. h4 Bg4 38. a3 Bd1 39. Bf3 1-0

[Event "Hotel MEDOSZ Spring Open"]
[Site "Budapest"]
[Date "2014.03.17"]
[Round "4.1"]
[White "Szalanczy, Emil"]
[Black "Farkas, Richard"]
[Result "0-1"]
[WhiteElo "2240"]
[BlackElo "2191"]
[PlyCount "160"]
[EventDate "2014.03.14"]

1. e4 c5 2. Nf3 Nc6 3. d4 cxd4 4. Nxd4 g6 5. Nc3 Bg7 6. Be3 Nf6 7. Bc4 O-O 8.
Bb3 a5 9. a4 Ng4 10. Qxg4 Nxd4 11. Qh4 Nxb3 12. cxb3 Bf6 13. Bg5 Bxg5 14. Qxg5
d6 15. O-O Be6 16. Qb5 Ra6 17. Nd5 Bxd5 18. Qxd5 Rc6 19. Rac1 Qb6 20. Rc3 Rfc8
21. Rf3 e6 22. Qg5 Qd4 23. h3 Qxb2 24. Qxa5 Rc5 25. Qb6 Rc1 26. Rxc1 Rxc1+ 27.
Kh2 Qe5+ 28. Rg3 h5 29. Qd8+ Kg7 30. Qg5 Qa1 31. Rf3 Rh1+ 32. Kg3 f6 33. Qb5
Kh6 34. Re3 Qg1 35. Kf3 Rh2 36. Ke2 Qxg2 37. Rf3 Rh1 38. Qd3 Qf1+ 39. Ke3 Qc1+
40. Qd2 Re1+ 41. Kd3+ Qxd2+ 42. Kxd2 Rxe4 43. Rxf6 Kg7 44. Rf3 g5 45. a5 Kg6
46. Kc3 h4 47. b4 g4 48. hxg4 Rxg4 49. Rf8 Kg7 50. Rf3 Rg5 51. Kb3 Rh5 52. Rh3
Kf6 53. Ka4 Kg5 54. f3 d5 55. Kb5 d4 56. Kb6 Rh7 57. b5 e5 58. a6 bxa6 59. bxa6
d3 60. a7 Rxa7 61. Kxa7 d2 62. f4+ exf4 63. Rd3 Kg4 64. Rxd2 f3 65. Rd8 h3 66.
Rg8+ Kf4 67. Rf8+ Kg3 68. Rg8+ Kf2 69. Rh8 Kg2 70. Rg8+ Kh1 71. Rf8 h2 72. Rxf3
Kg2 73. Ra3 h1=Q 74. Ra6 Kf3 75. Rb6 Ke4 76. Ka6 Kd5 77. Rb5+ Kc6 78. Rb6+ Kc7
79. Rb4 Qd5 80. Rb2 Qa8+ 0-1

[Event "Hotel MEDOSZ Spring Open"]
[Site "Budapest"]
[Date "2014.03.17"]
[Round "4.3"]
[White "Bach, Matthias"]
[Black "Nguyen, Thi Mai Hung"]
[Result "0-1"]
[WhiteElo "2234"]
[BlackElo "2261"]
[PlyCount "70"]
[EventDate "2014.03.14"]

1. d4 d5 2. c4 c6 3. Nc3 Nf6 4. Nf3 e6 5. g3 Nbd7 6. Bg2 dxc4 7. O-O Be7 8. a4
O-O 9. Nd2 e5 10. Nxc4 exd4 11. Qxd4 Nc5 12. Qxd8 Rxd8 13. Na5 Na6 14. Bg5 h6
15. Bxf6 Bxf6 16. Ne4 Be7 17. Rfd1 Rb8 18. Rxd8+ Bxd8 19. Nb3 Be7 20. Rc1 Be6
21. Nd4 Bd7 22. e3 Rd8 23. a5 c5 24. Nf3 b6 25. Ne5 Be8 26. axb6 axb6 27. Nc4
b5 28. Nb6 c4 29. Ra1 Nb4 30. Ra7 Bf8 31. Nc3 Nd3 32. Nbd5 Nxb2 33. Rb7 Kh8 34.
Be4 Nd3 35. Ne2 Nc5 0-1

[Event "Hotel MEDOSZ Spring Open"]
[Site "Budapest"]
[Date "2014.03.17"]
[Round "4.4"]
[White "Boguszlavszkij, Jevgenyij"]
[Black "To, Nhat Minh"]
[Result "1-0"]
[WhiteElo "2224"]
[BlackElo "2354"]
[PlyCount "95"]
[EventDate "2014.03.14"]

1. d4 d5 2. Nf3 Nf6 3. e3 e6 4. Bd3 c5 5. c3 Nc6 6. Nbd2 Bd6 7. O-O O-O 8. Qe2
Qc7 9. dxc5 Bxc5 10. e4 h6 11. e5 Nd7 12. Re1 f6 13. exf6 Nxf6 14. Nb3 Bd6 15.
Nbd4 Qf7 16. Nb5 Bb8 17. c4 Ng4 18. c5 e5 19. h3 Nf6 20. Bb1 e4 21. Nh2 Qg6 22.
Kh1 Be5 23. f4 Nh5 24. Qd1 Bxf4 25. Qxd5+ Kh8 26. Bxe4 Bf5 27. Bxf4 Nxf4 28.
Bxf5 Rxf5 29. Qe4 Nh5 30. Qe6 Qxe6 31. Rxe6 Rxc5 32. Nc3 Nd4 33. Re7 Ng3+ 34.
Kg1 b5 35. Ng4 b4 36. Ne4 Nge2+ 37. Kh1 Rf5 38. Kh2 h5 39. Ne3 Ra5 40. Nc4 Rf5
41. Re1 h4 42. Ncd6 Ra5 43. Ng5 Kg8 44. R1xe2 Nxe2 45. Ne6 Kh7 46. Rxg7+ Kh6
47. Nf7+ Kh5 48. Rg4 1-0

[Event "Hotel MEDOSZ Spring Open"]
[Site "Budapest"]
[Date "2014.03.17"]
[Round "4.5"]
[White "Brustkern, Juergen"]
[Black "Nagy, Ervin Dr"]
[Result "1-0"]
[WhiteElo "2233"]
[BlackElo "2269"]
[PlyCount "53"]
[EventDate "2014.03.14"]

1. d4 Nf6 2. c4 e6 3. Nc3 Bb4 4. a3 Bxc3+ 5. bxc3 c5 6. e3 O-O 7. Bd3 d5 8.
cxd5 exd5 9. Ne2 b6 10. O-O Ba6 11. f3 Re8 12. g4 h5 13. g5 Nh7 14. h4 Nxg5 15.
Bxa6 Nxa6 16. hxg5 Qxg5+ 17. Kf2 Qh4+ 18. Kg2 Re6 19. Nf4 Rae8 20. Rh1 Qg5+ 21.
Kf2 Rh6 22. Qa4 Nc7 23. Qd7 Re7 24. Qd8+ Kh7 25. Bd2 h4 26. Rag1 Qf6 27. Nxd5
1-0

[Event "Hotel MEDOSZ Spring Open"]
[Site "Budapest"]
[Date "2014.03.17"]
[Round "4.6"]
[White "Pirisi, Gabor"]
[Black "Vereb, Gabor"]
[Result "0-1"]
[WhiteElo "2258"]
[BlackElo "2137"]
[PlyCount "106"]
[EventDate "2014.03.14"]

1. c4 g6 2. Nc3 c5 3. Nf3 Bg7 4. g3 d6 5. Bg2 Nc6 6. O-O Nf6 7. d4 cxd4 8. Nxd4
Nxd4 9. Qxd4 O-O 10. Qh4 a6 11. Bh6 Qb6 12. Bxg7 Kxg7 13. b3 Be6 14. Ne4 Nxe4
15. Qxe4 Rab8 16. Rfd1 Rfc8 17. Qh4 Rc7 18. Bd5 Bxd5 19. Rxd5 Qc6 20. Qd4+ Kg8
21. h4 h5 22. Rc1 Qd7 23. Kg2 Rbc8 24. a4 Rc5 25. Rxc5 Rxc5 26. b4 Re5 27. Qd1
Qc6+ 28. Kg1 g5 29. hxg5 h4 30. b5 Qe4 31. Qd3 hxg3 32. Qxe4 gxf2+ 33. Kxf2
Rxe4 34. Kf3 Re5 35. Rg1 Kg7 36. e4 Rc5 37. bxa6 bxa6 38. Rb1 Rxg5 39. Rb7 Kf6
40. Rb6 Ra5 41. c5 Rxc5 42. Rxa6 Ke5 43. Ra7 e6 44. Rxf7 Rc3+ 45. Kg4 Ra3 46.
Ra7 Kxe4 47. a5 d5 48. a6 e5 49. Ra8 d4 50. Kg5 Ke3 51. a7 e4 52. Kf5 Ra5+ 53.
Ke6 d3 0-1

[Event "Hotel MEDOSZ Spring Open"]
[Site "Budapest"]
[Date "2014.03.17"]
[Round "4.7"]
[White "Kakuk, Sandor"]
[Black "Balint, Vilmos"]
[Result "0-1"]
[WhiteElo "2200"]
[BlackElo "2246"]
[PlyCount "90"]
[EventDate "2014.03.14"]

1. d4 Nf6 2. Nc3 d5 3. Bg5 Nbd7 4. f3 h6 5. Bh4 g5 6. Bg3 c6 7. Qd2 Nh5 8. Bf2
Ndf6 9. g4 Nf4 10. h4 Rg8 11. e3 Ne6 12. O-O-O b5 13. Bd3 Qa5 14. Kb1 b4 15.
Nce2 c5 16. dxc5 Nxc5 17. Nd4 e6 18. Nge2 Nfd7 19. hxg5 hxg5 20. e4 Bb7 21. Nb3
Qb6 22. exd5 Bxd5 23. Be4 Bxe4 24. fxe4 O-O-O 25. Ng3 Be7 26. Qe2 Qa6 27. Qxa6+
Nxa6 28. Bxa7 Nf6 29. Rdf1 Rgf8 30. Bd4 Nxg4 31. Bg7 Rg8 32. Rxf7 Bd6 33. Nh5
Ne5 34. Ra7 Nc7 35. Nd4 Rd7 36. Nb5 Nc6 37. Nxd6+ Rxd6 38. Ra4 e5 39. a3 Ne8
40. Ra8+ Kb7 41. Rxe8 Rxe8 42. axb4 Nxb4 43. c3 Nd3 44. Rg1 Rg6 45. Rf1 Nf4 0-1

[Event "Hotel MEDOSZ Spring Open"]
[Site "Budapest"]
[Date "2014.03.17"]
[Round "4.8"]
[White "Bitran, Daniel"]
[Black "Ghadiri, Radmehr"]
[Result "1-0"]
[WhiteElo "2133"]
[BlackElo "1786"]
[PlyCount "45"]
[EventDate "2014.03.14"]

1. e4 e6 2. Nf3 d5 3. Nc3 Nf6 4. e5 Nfd7 5. d4 a6 6. Bd3 c5 7. dxc5 Nxc5 8. Be2
Nc6 9. Bf4 Qc7 10. O-O Nd7 11. Re1 f5 12. Qd2 Be7 13. Nxd5 exd5 14. e6 Qd8 15.
exd7+ Qxd7 16. Rad1 O-O 17. Ne5 Nxe5 18. Bxe5 Bf6 19. Bf3 d4 20. Qxd4 Qxd4 21.
Rxd4 Bxe5 22. Rxe5 b5 23. Bxa8 1-0

[Event "Hotel MEDOSZ Spring Open"]
[Site "Budapest"]
[Date "2014.03.17"]
[Round "4.9"]
[White "Marcu, Simon"]
[Black "Xiao Hu, Chen"]
[Result "1/2-1/2"]
[WhiteElo "1892"]
[BlackElo "1546"]
[PlyCount "93"]
[EventDate "2014.03.14"]

1. d4 e6 2. c4 d5 3. e3 c6 4. Nc3 Nf6 5. Nf3 Bd6 6. Bd3 Nbd7 7. O-O O-O 8. e4
dxe4 9. Nxe4 Nxe4 10. Bxe4 Nf6 11. Bc2 c5 12. Bg5 cxd4 13. Qxd4 Be7 14. Rfd1
Qxd4 15. Rxd4 h6 16. Bh4 g5 17. Bg3 Bd7 18. Ne5 Rad8 19. Rad1 Bc8 20. a3 Nh5
21. b4 Nxg3 22. hxg3 Rxd4 23. Rxd4 Bf6 24. f4 Rd8 25. Rxd8+ Bxd8 26. c5 f6 27.
Nc4 Bd7 28. Nd6 b6 29. Be4 Bc7 30. Nc4 bxc5 31. bxc5 Bb5 32. Ne3 gxf4 33. gxf4
Bxf4 34. Kf2 Kf8 35. Nc2 Be5 36. Ke3 Ke7 37. Nd4 Bxd4+ 38. Kxd4 Kd7 39. g3 Bc6
40. Bg6 a6 41. Bf7 Bb5 42. Bg6 Bc6 43. Bf7 Bd5 44. Bg6 Ba2 45. Bd3 a5 46. Bb5+
Kc7 47. Be8 1/2-1/2

[Event "Hotel MEDOSZ Spring Open"]
[Site "Budapest"]
[Date "2014.03.17"]
[Round "4.10"]
[White "Pesola, Jyrki"]
[Black "Cross, Ted"]
[Result "0-1"]
[WhiteElo "1863"]
[BlackElo "2034"]
[PlyCount "36"]
[EventDate "2014.03.14"]

1. e4 c5 2. Nf3 d6 3. d4 cxd4 4. Nxd4 Nf6 5. Nc3 a6 6. Bg5 e6 7. f4 h6 8. Bh4
Be7 9. Qf3 Nbd7 10. O-O-O Qc7 11. Bf2 b5 12. Bd3 Bb7 13. a3 Nc5 14. Rhe1 Rc8
15. Qe2 Qa5 16. Qd2 e5 17. Nf5 b4 18. Nd5 Nb3+ 0-1

[Event "Hotel MEDOSZ Spring Open"]
[Site "Budapest"]
[Date "2014.03.17"]
[Round "4.11"]
[White "Csapo, Zoltan"]
[Black "Szlenka, Attila"]
[Result "1-0"]
[WhiteElo "2024"]
[BlackElo "1804"]
[PlyCount "91"]
[EventDate "2014.03.14"]

1. e4 g6 2. d4 Bg7 3. Nc3 d6 4. Bg5 Nd7 5. Nf3 c5 6. Bc4 cxd4 7. Nxd4 Ngf6 8.
Qd2 h6 9. Be3 Ne5 10. Bb5+ Bd7 11. f4 Neg4 12. Bg1 Bxb5 13. Ndxb5 a6 14. Nd4
Nd7 15. h3 Ngf6 16. Nf3 Qa5 17. Bd4 O-O 18. O-O Rac8 19. Rae1 Nb6 20. Qf2 Na4
21. e5 dxe5 22. Rxe5 b5 23. Nd1 Qc7 24. b3 Nd7 25. Rxe7 Bxd4 26. Qxd4 Nab6 27.
Nf2 Qc5 28. Rxd7 Nxd7 29. Qxd7 Rc7 30. Qg4 Qxc2 31. Qh4 Kg7 32. Ng4 Qc5+ 33.
Kh1 h5 34. Qf6+ Kg8 35. Nge5 Qe7 36. Qxa6 Ra7 37. Qxb5 Rxa2 38. Rd1 Qa7 39. Qc6
Qf2 40. Rg1 Rc2 41. Qf6 Qg3 42. Ng5 Rc7 43. f5 Qf2 44. Nef3 Qc2 45. Nd4 Qd3 46.
fxg6 1-0

[Event "Hotel MEDOSZ Spring Open"]
[Site "Budapest"]
[Date "2014.03.17"]
[Round "4.12"]
[White "Polyanszky-Tamasi, Zoltan"]
[Black "Heyl, Thomas"]
[Result "0-1"]
[WhiteElo "1799"]
[BlackElo "1999"]
[PlyCount "98"]
[EventDate "2014.03.14"]

1. e4 c5 2. c4 e6 3. Nc3 a6 4. a4 d6 5. g3 Nf6 6. Bg2 Be7 7. Nge2 O-O 8. d3 Nc6
9. O-O Qc7 10. f4 Rb8 11. h3 Bd7 12. g4 g6 13. Be3 Nb4 14. Ng3 d5 15. cxd5 exd5
16. d4 cxd4 17. Bxd4 Nc6 18. Bxf6 Bxf6 19. Nxd5 Qd8 20. Nxf6+ Qxf6 21. Qxd7
Rfd8 22. Qc7 Qd4+ 23. Kh2 Rd7 24. Ne2 Rxc7 25. Nxd4 Nxd4 26. Rac1 Re7 27. Rc4
Nb3 28. Rd1 b6 29. Rd6 a5 30. e5 g5 31. Kg3 gxf4+ 32. Kxf4 Nc5 33. Bc6 Kg7 34.
b4 axb4 35. Rxb4 Rc7 36. Bf3 Ra7 37. Bd1 Nd7 38. Rbd4 Nc5 39. Bc2 Ne6+ 40. Rxe6
fxe6 41. Bb3 Rf8+ 42. Kg5 h6+ 43. Kh4 Ra5 44. Rd6 Rxe5 45. Rxb6 Rf6 46. Bc4 Re3
47. Rb7+ Rf7 48. Rb6 Rff3 49. g5 Rf4+ 0-1